Commercial yield performance of Hevea clones in India: A comparative analysis (Record no. 43979)

MARC details
000 -LEADER
fixed length control field 00339nam a2200109Ia 4500
082 ## - DEWEY DECIMAL CLASSIFICATION NUMBER
Item number JOS;1
100 ## - MAIN ENTRY--AUTHOR NAME
Personal name Joseph, Toms
245 #0 - TITLE STATEMENT
Title Commercial yield performance of Hevea clones in India: A comparative analysis
260 ## - PUBLICATION, DISTRIBUTION, ETC. (IMPRINT)
Place of publication Kottayam
Name of publisher Economics Research Division, RRII
Year of publication 1999
942 ## - ADDED ENTRY ELEMENTS (KOHA)
Koha item type Reference
Holdings
Withdrawn status Lost status Damaged status Not for loan Home library Current library Date acquired Source of acquisition Full call number Accession Number Koha item type
        RRII Library RRII Library 16/12/2021 Gift JOS;1 G00728 Books